Derecho penal. parte especial. / Tomo 2 :
Guardado en:
| Autor Principal: | |
|---|---|
| Formato: | Libro |
| Idioma: | Spanish |
| Publicado: |
Corrientes :
Mave,
2004.
|
| Edición: | 2a. ed. |
| Materias: | |
| Etiquetas: |
Agregar Etiqueta
Sin Etiquetas, Sea el primero en etiquetar este registro!
|
| LEADER | 00463nam a22001575a 4500 | ||
|---|---|---|---|
| 001 | DER.der000038 | ||
| 008 | 180615s2004####ag#||||||||||||||#||spa|| | ||
| 005 | 20250711164106.0 | ||
| 245 | 1 | 0 | |a Derecho penal. |n Tomo 2 : |b parte especial. / |c Jorge E. Buompadre. |
| 250 | |a 2a. ed. | ||
| 260 | |a Corrientes : |b Mave, |c 2004. | ||
| 300 | |a 427 p. | ||
| 020 | |a 9879367138 | ||
| 100 | 1 | |a Buompadre, Jorge E. | |
| 650 | 7 | |a DERECHO PEPNAL | |
| 859 | |a DERECHO |b BIB. DERECHO |h 345 |i BUO |p 001003 |3 Tomo 2 | ||
